000 00424nam a22001697a 4500
005 20180717153501.0
008 160511b xxu||||| |||| 00| 0 eng d
020 _a81-259-0553-7
041 _aeng
082 _b1274
_a658.1511
100 _aBhattacharya S.K.
_94541
245 _aAccounting for management
260 _bVikas Publishing house Pvt. Ltd.
_c2004
300 _a419p,
650 _aManagement
_9241
942 _cBK
999 _c542
_d542